000
00346nam a22001217a 4500
040
_c
RUA
082
_a
A209 ឯក 2017 C160 Or.1
100
_a
ឯក លាភី
245
_a
អានុភាពរបស់អ្នកឈ្នះ,
260
_a
PHNOM PENH
_b
RUA
_c
2017
300
_a
149p.
_b
ill.
_c
22cm.
942
_c
អភិវឌ្ឍន៍
999
_c
25662
_d
25662